Algérie-QCM - Statistiques

Statistiques générales
  • Ce quiz a été pris 263 fois
  • Le résultat moyen est 8 sur 10
Statistiques - réponses
Question Réponse % Correct
Par qui l'Algérie a était coloniser pendant 132 ans? France
99%
Date de l'indépendance algérienne? 5 juillet 1962
97%
Quel est le président actuel de l'Algérie Tebboune
92%
Dans quel sport l'Algérie a remporté des médaille d'or lors des JO de paris en 2024? Gym et boxe
91%
Combien l'Algérie a remporté de can? 2
88%
Comment sont appellé les algériens qui on combattu pour la France lors de la guerre d'Algérie ? Les harkis
83%
Qui a marqué le but que la qualification en final lors de la can 2019 sur coup franc? Mahrez
82%
En quel année l'Algérie a gagné sa première can? 1990
71%
Pendant combien de match a duré leur série d'invincibilité ? 35 match
71%
Contre quel équipe sud américainne l'Algérie a remporté un match amical 3-0 juste après la can 2019? Colombie
53%
Aucun quiz correspondant
Distribution des résultats
% des personnes avec chaque résultat
Percentile par nombre de réponses
Votre historique - résultats
Vous n’avez pas pris ce quiz